British Columbia Cities Map Quiz - Statistics

General Stats
  • This quiz has been taken 4,099 times
    278 since last reset
  • The average score is 11 of 15
Answers on the Map
Answers color-coded by a green-red scale on the quiz's map according to % correct below.
 
Answer Stats
Answer % Correct
Vancouver
92%
Victoria
92%
Nanaimo
83%
Prince George
80%
Tofino
80%
Chilliwack
79%
Kelowna
77%
Fort St. John
74%
Kamloops
74%
Prince Rupert
73%
Daajing Giids
69%
Revelstoke
64%
Powell River
62%
Cranbrook
57%
Nelson
51%
No matching quizzes found
Score Distribution
Percent of People with Each Score
Percentile by Number Answered
Your Score History
You have not taken this quiz since the last reset